Larnaca International Airport Destinations (Larnaca, Cyprus) - Statistics

General Stats
  • This quiz has been taken 206 times
    59 since last reset
  • The average score is 83 of 110
Answer Stats
Airline Destination % Correct
Aegean Airlines/Cyprus Airways/Sky Express Athens
100%
Air Serbia/Wizz Air Belgrade
97%
easyJet/Eurowings Berlin
97%
British Airways/easyJet/TUI Airways/Wizz Air London (Gatwick)
97%
British Airways London (Heathrow)
97%
easyJet/Wizz Air London (Luton)
97%
Jet2.com London (Stansted)
97%
BH Air/Bulgaria Air/Wizz Air Sofia
97%
Aegean Airlines/Arkia/Bluebird Airways/Corendon Airlines/Cyprus Airways/ FlyLili/Israir/Neos/Sun d'Or/Tus Airways/Wizz Air Tel Aviv
97%
Royal Jordanian Amman (Queen Alia)
94%
easyJet/Transavia Amsterdam
94%
Jettime/Norwegian Air Shuttle/Scandinavian Airlines/Sunclass Airlines Copenhagen
94%
Cyprus Airways/Emirates Dubai (International)
94%
Finnair/Jettime/Norwegian Air Shuttle/Sunclass Airlines Helsinki
94%
airBaltic Riga
94%
Norwegian Air Shuttle/Scandinavian Airlines/Sunclass Airlines/TUI fly Nordic Stockholm (Arlanda)
94%
Aegean Airlines/Cyprus Airways/Sky Express/Wizz Air Thessaloniki
94%
Buzz/Enter Air/LOT Polish Airlines/SkyUp/Smartwings/Wizz Air Warsaw (Chopin)
94%
Wizz Air Warsaw (Radom)
94%
Cyprus Airways/Middle East Airlines Beirut
91%
Wizz Air Budapest
91%
Egyptair Cairo
91%
Qatar Airways Doha
91%
Wizz Air Kraków
91%
easyJet/Jet2.com/TUI Airways Manchester
91%
Cyprus Airways/easyJet/Wizz Air Milan (Malpensa)
91%
Discover Airlines Munich
91%
Norwegian Air Shuttle/Scandinavian Airlines/Sunclass Airlines Oslo
91%
Cyprus Airways/easyJet Paris (Charles de Gaulle)
91%
Austrian Airlines/Ryanair Vienna
91%
Chair Airlines/Condor/Cyprus Airways/Edelweiss Air Zürich
91%
easyJet/Jet2.com/TUI Airways Birmingham
88%
Animawings/FlyOne/HiSky/SkyUp/Wizz Air Bucharest (Otopeni)
88%
Eurowings Cologne/Bonn
88%
Jet2.com Edinburgh
88%
Condor/Discover Airlines/TUI fly Deutschland Frankfurt
88%
Swiss International Air Lines Geneva
88%
Air Haifa Haifa
88%
Eurowings Hamburg
88%
Jet2.com Leeds/Bradford
88%
easyJet Liverpool
88%
Saudia Riyadh
88%
Aegean Airlines/Cyprus Airways/Wizz Air Rome (Fiumicino)
88%
Georgian Airways Tbilisi
88%
Gulf Air Bahrain
85%
Scandinavian Airlines/Sunclass Airlines Bergen
85%
Condor/Eurowings/TUI fly Deutschland Düsseldorf
85%
Scandinavian Airlines/Sunclass Airlines/TUI fly Nordic Gothenburg
85%
Aegean Airlines/Cyprus Airways/Sky Express Heraklion
85%
Buzz/Enter Air/LOT Polish Airlines/SkyUp/Smartwings/Wizz Air Katowice
85%
Eurowings/Smartwings/Wizz Air Prague
85%
Avion Express/Wizz Air Vilnius
85%
Buzz/Wizz Air Wrocław
85%
Aegean Airlines/FlyOne/Wizz Air Yerevan
85%
Wizz Air Abu Dhabi
82%
Cyprus Airways/Wizz Air Barcelona
82%
easyJet/Jet2.com/TUI Airways Bristol
82%
Aegean Airlines Brussels
82%
FlyOne/SkyUp/Wizz Air Chişinău
82%
Enter Air/Wizz Air Gdańsk
82%
easyJet/Jet2.com Glasgow
82%
Eurowings Stuttgart
82%
Heston Airlines/SmartLynx Airlines Tallinn
82%
Wizz Air Tirana
82%
Cyprus Airways/easyJet/Wizz Air Venice
82%
easyJet Basel/Mulhouse
79%
Cyprus Airways/Smartwings/Wizz Air Bratislava
79%
TUI fly Deutschland Hannover
79%
Jazeera Airways Kuwait City
79%
easyJet/TUI Airways Belfast (International)
76%
Smartwings Brno
76%
FlyOne/HiSky/SkyUp/Wizz Air Cluj-Napoca
76%
Jet2.com/TUI Airways East Midlands
76%
Emirates Malta
76%
Jet2.com/TUI Airways Newcastle upon Tyne
76%
Buzz/Enter Air Poznań
76%
Norwegian Air Shuttle/Sunclass Airlines Trondheim
76%
Helvetic Airways Bern
74%
Wizz Air Iași
74%
Cyprus Airways Rhodes
74%
Jettime Aalborg
71%
Atlantic Airways/Jettime/Sunclass Airlines/TUI fly Nordic Billund
71%
TUI Airways Cardiff
71%
Jettime/Sunclass Airlines Malmö
68%
Eurowings Salzburg
68%
Wizz Air Skopje
68%
Cyprus Airways Bergamo
65%
TUI Airways Bournemouth
65%
Eurowings Graz
62%
Sunclass Airlines Stavanger
62%
Smartwings Košice
59%
HiSky/Wizz Air Timișoara
59%
Wizz Air Debrecen
56%
Wizz Air Kutaisi
53%
Cyprus Airways/FlyOne Craiova
44%
Sunclass Airlines Sandefjord
44%
Cyprus Airways Sibiu
44%
Sunclass Airlines Växjö
41%
Sunclass Airlines/TUI fly Nordic Norrköping
38%
Wizz Air Suceava
35%
Jettime Luleå
32%
Cyprus Airways Skiathos
32%
Cyprus Airways Preveza/Lefkada
26%
Sunclass Airlines Örebro
24%
HiSky Oradea
21%
Transavia Paris (Orly)
12%
Wizz Air Tuzla
12%
TUI fly Nordic Umeå
12%
Sunclass Airlines Borlange
6%
Wizz Air Gyumri
6%
No matching quizzes found
Score Distribution
Percent of People with Each Score
Percentile by Number Answered
Your Score History
You have not taken this quiz since the last reset